000 01052nas a2200301 4500
001 BR8601343
003 BR-BrBNA
005 20231205090357.0
007 ta
008 230509b bl.|||p| |||| 00| 00por d
040 _aBR-BrBNA
_bpor
_cBiblioteca Nacional de Agricultura
041 _a(Pt)
072 _aP34
100 1 _aKolling, J.
100 1 _aScholles, D.
100 1 _aSelback, P.A.
111 1 _a18. Congresso Brasileiro de Ciencia do Solo
_cSalvador, BA (Brazil)
_dSep 1981
245 1 _aSelecao de estirpes de Rhizobium para trevo subterraneo, alfafa e cornichao [Trifolium subterraneum, Medicago sativa, Lotus corniculatus]
246 1 _aStrain selection of Rhizobium for subterranean clover, alfalfa and birdsfoot trefoil
650 _aTREVO SUBTERRANEO
650 _aALFAFA
650 _aCORNICHAO
650 _aRHIZOBIUM
650 _aESTIRPE
773 0 _tAgronomia Sulriograndense (Brazil)
_xISSN 0400-8111
_g(1983), v. 19(2) p. 103-111
_wBR8601343
909 _a202311
_bLúcia
_c55
_dLúcia Elande
942 _2AGRIS
_n0
_cANA
999 _c118001
_d118001